| 000 | nam a22 7a 4500 | ||
|---|---|---|---|
| 999 |
_c55544 _d55544 |
||
| 005 | 20200123131335.0 | ||
| 008 | 200123b ag ||||| |||| 00| 0 spa d | ||
| 020 | _a9506793107 | ||
| 050 | 0 | 4 |
_aKHA3022 _bP54 1998 |
| 100 | 1 | _aPierini, Alicia | |
| 245 | 1 | 0 |
_aHábeas data derecho a la intimidad _b : derecho a informar, límites, censura, delitos de la prensa, reserva de las fuentes, derecho a réplica, real malicia : derecho informático, banco de datos electrónicos, controles y responsabilidad, telemática, internet _c / Alicia Pierini, Valentín Lorences, María Inés Tornabene |
| 250 | _a1a. ed. | ||
| 260 |
_aBuenos Aires : _bUniversidad, _c1998 |
||
| 300 |
_a364 p. ; _c23 cm. |
||
| 504 | _aIncluye bibliografía | ||
| 650 | 7 |
_2lemb _aDerecho a la privacidad _zArgentina |
|
| 650 | 7 |
_2lemb _aProtección de datos _zArgentina |
|
| 650 | 7 |
_2lemb _aLibertad de información _zArgentina |
|
| 650 | 4 |
_aLibertad de expresión _zArgentina |
|
| 700 | 1 |
_aLorences, Valentín _eautor |
|
| 700 | 1 |
_aTornabene, María Inés _eautor |
|
| 942 |
_2lcc _cLIB |
||